| 000 | 00702nam a2200265 a 4500 | ||
|---|---|---|---|
| 999 |
_c4953 _d4953 |
||
| 001 | 4953 | ||
| 003 | BD-JhCC | ||
| 005 | 20211005134019.0 | ||
| 008 | 171205s19521965j a|||| || | 001 0 eng d | ||
| 035 | _a(BD-JhCC)4953 | ||
| 040 |
_aBD-JhCC _dBD-JhCC |
||
| 041 | _aeng | ||
| 082 |
_a428.6 _bSRB 1965 |
||
| 100 | _aSrb, Adrian M. | ||
| 245 |
_aGeneral Genetics / _cAdrian M. Srb, Ray D. Owen, Robert S. Edgar, |
||
| 250 | _a2nd Ed. | ||
| 260 |
_aTokyo : _bW. H. Freeman and Company, _c1965. |
||
| 300 |
_a557 p. : _bill. ; _c22 cm. |
||
| 504 | _aIncludes Index | ||
| 650 | _aEnglish Language | ||
| 700 | _aOwen, Ray D. | ||
| 700 | _aEdgar, Robert S. | ||
| 942 |
_2ddc _cBK _01 |
||